Statistics for Titanic (1997) name Quiz

Click here to take the quiz!

General Stats

  • This quiz has been taken 18 times
  • The average score is 10 of 17

Answer Stats

last namefirst name% Correct
HockleyCal
93%
DawsonJack
93%
Dewit bukaterRose
93%
AndrewsThomas
86%
IsmayBruce
79%
Dewit bukaterRuth
79%
De RossiFabrizio
71%
BrownMolly
64%
MurdochWilliam
64%
astorJohn Jacob
57%
RyanTommy
57%
LightollerCharles
36%
WildeHenry
36%
MoodyJames
36%
SmithCaptain Edward John
14%
CartmellCora
14%
DahlHelga
14%

Score Distribution

Percentile by Number Answered

Percent of People with Each Score

Your Score History

You have not taken this quiz